[Event "3. Winter-Open 2024"]
[Site "Nuernberg"]
[Date "2024.02.09"]
[Round "1.1"]
[White "Duong, Quang Bach"]
[Black "Bruss, Robert"]
[Result "1-0"]
[WhiteElo "2180"]
[BlackElo "1895"]
[PlyCount "65"]
[EventDate "2024.??.??"]
[WhiteTeam "SF Augsburg"]
[BlackTeam "SV Altensittenbach"]

{[%evp 0,65,31,30,48,60,90,70,66,63,63,47,35,31,32,-7,33,44,59,39,55,34,65,33,31,7,53,33,60,65,111,102,102,97,128,128,124,114,124,111,148,131,147,125,124,148,236,229,285,276,279,303,283,324,365,413,526,526,526,526,537,533,540,530,541,574,582,594]} 1. e4 c5 2. Nf3 d6 3. d4 cxd4 4. Qxd4 Nf6 5. Be2 g6 6. O-O Bg7 7. h3 O-O 8. Rd1 Qa5 9. Qe3 Nbd7 10. c4 Ne5 11. Nd4 Nc6 12. Nb3 Qc7 13. Nc3 a6 14. Bd2 Ne5 15. Nd5 Nxd5 16. cxd5 Nc4 17. Rdc1 b5 18. Bxc4 bxc4 19. Bc3 e5 20. Ba5 Qe7 21. Rxc4 f5 22. Nd2 f4 23. Qa3 g5 24. Rc7 Qf6 25. Nc4 f3 26. Qxd6 Qf4 27. Qe7 Rf7 28. Qxf7+ Qxf7 29. Rxf7 Kxf7 30. Nb6 Rb8 31. Rc1 Bb7 32. Rc7+ Kg6 33. Nd7 1-0

[Event "3. Winter-Open 2024"]
[Site "Nuernberg"]
[Date "2024.02.09"]
[Round "1.2"]
[White "Hotman, Cagan Arhan"]
[Black "Mohylnyi, Stepan"]
[Result "1-0"]
[WhiteElo "1855"]
[BlackElo "2142"]
[PlyCount "73"]
[EventDate "2024.??.??"]
[WhiteTeam "SK Ingolstadt"]
[BlackTeam "SC Noris-Tarrasch Nürnberg 1873"]

{[%evp 0,73,19,31,41,46,51,43,3,22,16,4,5,7,7,-8,22,24,21,-6,37,37,48,61,71,22,22,-28,-15,-35,-31,-40,-15,-18,-54,-54,-60,-51,-51,-50,-11,-26,7,-50,161,42,55,12,39,53,58,39,347,367,361,378,351,365,363,368,498,637,648,654,640,661,661,661,663,516,585,596,599,605,606,613]} 1. e4 e6 2. d4 d5 3. Nd2 Nf6 4. e5 Nfd7 5. Bd3 c5 6. c3 Nc6 7. Ngf3 cxd4 8. cxd4 f6 9. Qe2 Qc7 10. exf6 Nxf6 11. O-O Bd6 12. Re1 O-O 13. Nf1 Bd7 14. Ng3 Rae8 15. Be3 e5 16. dxe5 Nxe5 17. Nxe5 Bxe5 18. Rac1 Qa5 19. b4 Qa3 20. Qd2 Ng4 21. Bb1 d4 22. Bxd4 Bf4 23. Qc2 g6 24. Rcd1 Qxb4 25. Bc3 Qb5 26. a4 Qc6 27. Ba2+ Be6 28. Rxe6 Rxe6 29. Qe2 Be3 30. Qxg4 Bxf2+ 31. Kh1 Qxc3 32. Qxe6+ Kh8 33. Ne4 Qb2 34. Ng5 Bh4 35. Qe7 Qg7 36. Qxg7+ Kxg7 37. Ne6+ 1-0

[Event "3. Winter-Open 2024"]
[Site "Nuernberg"]
[Date "2024.02.09"]
[Round "1.3"]
[White "Merkel, Luis"]
[Black "Vennemann, Jürgen"]
[Result "1-0"]
[WhiteElo "2129"]
[BlackElo "1843"]
[PlyCount "85"]
[EventDate "2024.??.??"]
[WhiteTeam "SG Büchenbach/Roth e.V."]
[BlackTeam "SC Hersbruck"]

{[%evp 0,60,37,18,75,76,68,44,50,48,41,27,47,15,12,31,30,21,42,18,34,15,57,52,86,96,111,119,110,103,160,129,166,125,146,128,161,170,181,198,336,163,163,164,209,175,178,196,210,205,210,205,210,182,228,255,266,266,262,233,274,237,230]} 1. d4 d6 2. Nf3 Nd7 3. c4 e5 4. Nc3 Ngf6 5. g3 c6 6. e4 Be7 7. Bg2 O-O 8. O-O Re8 9. h3 exd4 10. Nxd4 Ne5 11. b3 c5 12. Nc2 Rb8 13. f4 Nc6 14. Bb2 a6 15. Re1 Qc7 16. e5 dxe5 17. fxe5 Nd7 18. Nd5 Qd8 19. Qh5 Bf8 20. Rad1 g6 21. Qf3 Qg5 22. h4 Qf5 23. Qxf5 gxf5 24. Nc7 Re7 25. Nd5 Re6 26. Nf4 Re8 27. e6 fxe6 28. Nxe6 Nb6 29. Nxf8 Rxe1+ 30. Rxe1 Kxf8 31. Bxc6 bxc6 32. Be5 Rb7 33. Bd6+ Kf7 34. Bxc5 Nd7 35. Re7+ Kf6 36. Bd6 h5 37. Re8 Nb6 38. c5 Bd7 39. Rf8+ Ke6 40. Nd4+ Kd5 41. Nxf5 Bxf5 42. Rxf5+ Ke4 43. Re5+ 1-0

[Event "3. Winter-Open 2024"]
[Site "Nuernberg"]
[Date "2024.02.09"]
[Round "1.4"]
[White "Schlötterer, Hermann"]
[Black "Meulner, Fabian"]
[Result "0-1"]
[WhiteElo "1788"]
[BlackElo "2060"]
[PlyCount "36"]
[EventDate "2024.??.??"]
[WhiteTeam "Spvg Zabo-Eintracht Nürnberg e.V"]
[BlackTeam "SC JÄKLECHEMIE Talente Franken e"]

{[%evp 0,36,40,35,13,-14,0,1,5,0,22,5,16,32,36,-24,-9,-16,-16,-91,-52,-113,-58,-24,-27,-57,-58,-67,-65,-1063,416,-1136,379,-153,661,-398,-457,-457,-448]} 1. d4 d5 2. c4 e6 3. Nf3 Nf6 4. Nc3 h6 5. g3 Bd6 6. Bg2 O-O 7. Qc2 Nc6 8. a3 dxc4 9. e4 e5 10. Be3 Bg4 11. Nxe5 Bxe5 12. dxe5 Nxe5 13. O-O Qd3 14. Rad1 c6 15. h4 Bf3 16. Qa4 Nxe4 17. Bxf3 Nxf3+ 18. Kg2 Nxc3 0-1

[Event "3. Winter-Open 2024"]
[Site "Nuernberg"]
[Date "2024.02.09"]
[Round "1.5"]
[White "Deschler, Arne"]
[Black "Killmann, Reinmar"]
[Result "1-0"]
[WhiteElo "2058"]
[BlackElo "1749"]
[PlyCount "55"]
[EventDate "2024.??.??"]
[WhiteTeam "SC Noris-Tarrasch Nürnberg 1873"]
[BlackTeam "SC JÄKLECHEMIE Talente Franken e"]

{[%evp 0,55,35,31,41,44,60,72,86,78,78,81,94,83,59,63,69,69,63,56,62,55,49,42,42,38,88,77,81,67,63,57,53,31,26,-57,63,-30,26,43,183,262,267,267,634,781,1218,1887,2115,1834,2406,2410,29971,29974,29975,29976,29987,2528]} 1. e4 d5 2. exd5 Qxd5 3. Nc3 Qd8 4. d4 Nf6 5. Nf3 Bg4 6. h3 Bxf3 7. Qxf3 c6 8. Be3 e6 9. O-O-O Nd5 10. Ne4 Nxe3 11. fxe3 Nd7 12. Bd3 Nf6 13. Rdf1 Be7 14. g4 O-O 15. Nxf6+ Bxf6 16. Qe4 g6 17. g5 Bg7 18. Qg4 Qd6 19. h4 c5 20. h5 cxd4 21. Qh4 Rfc8 22. hxg6 hxg6 23. Qh7+ Kf8 24. Rxf7+ Kxf7 25. Bxg6+ Kf8 26. Rf1+ Ke7 27. Rf7+ Kd8 28. Qxg7 1-0

[Event "3. Winter-Open 2024"]
[Site "Nuernberg"]
[Date "2024.02.09"]
[Round "1.6"]
[White "Reich, Elisabeth"]
[Black "Meulner, Klaus"]
[Result "1-0"]
[WhiteElo "1747"]
[BlackElo "2017"]
[PlyCount "69"]
[EventDate "2024.??.??"]
[WhiteTeam "ATSV Oberkotzau"]
[BlackTeam "SC Schwarz-Weiß Nürnberg Süd e.V"]

{[%evp 0,57,20,20,66,66,65,31,32,27,5,-12,-7,-4,-13,-1,-1,-12,4,-2,6,-5,36,39,51,38,35,-28,25,-19,26,-49,-49,-59,-39,-59,-56,-58,-52,-94,-55,-64,-54,-49,-33,-41,3,-5,58,69,57,57,63,62,228,79,56,70,273,257]} 1. e4 c5 2. Nf3 e6 3. d3 d5 4. Nbd2 Nc6 5. g3 Bd6 6. Bg2 Nge7 7. O-O O-O 8. Re1 b5 9. a4 b4 10. b3 Na5 11. Qe2 Ba6 12. h4 Rc8 13. Bh3 Rb8 14. Rd1 Qb6 15. e5 Bc7 16. Rb1 Rbc8 17. Nf1 Nac6 18. h5 h6 19. Bf4 Kh7 20. Qd2 Qb8 21. Re1 Rcd8 22. N1h2 Ng8 23. Ng4 Nce7 24. d4 cxd4 25. Nxd4 Rc8 26. Rbc1 Ba5 27. Bf1 Bxf1 28. Kxf1 Rc5 29. Nf6+ gxf6 30. exf6 Qb7 31. fxe7 Qxe7 32. Qd3+ Kh8 33. Nf5 Qb7 34. Qd4+ Kh7 35. Qg7# 1-0

[Event "3. Winter-Open 2024"]
[Site "Nuernberg"]
[Date "2024.02.09"]
[Round "1.7"]
[White "Ratushnyi, Viktor"]
[Black "Junge, Fabian"]
[Result "1-0"]
[WhiteElo "2004"]
[BlackElo "1703"]
[PlyCount "91"]
[EventDate "2024.??.??"]
[WhiteTeam "SC Schwarz-Weiß Nürnberg Süd e.V"]
[BlackTeam "SV Würzburg von 1865 e.V."]

{[%evp 0,66,12,22,18,18,22,17,6,-14,-14,2,14,11,-11,1,15,17,17,16,18,7,14,2,15,12,12,11,-7,15,15,8,33,-6,2,-2,-10,12,19,0,7,9,52,33,59,54,48,47,60,60,60,16,13,2,2,5,29,19,76,78,78,76,77,32,75,78,87,89,93]} 1. e4 e5 2. Nf3 Nc6 3. Nc3 Nf6 4. d4 exd4 5. Nxd4 Bb4 6. Nxc6 bxc6 7. Bd3 d5 8. exd5 cxd5 9. O-O O-O 10. h3 Be6 11. Qf3 c6 12. Bf4 Bd6 13. Ne2 Rb8 14. b3 c5 15. c4 dxc4 16. Bxc4 Bxc4 17. bxc4 Bxf4 18. Nxf4 Qd4 19. Rac1 Rb2 20. Rfd1 Rd2 21. Nd5 Nxd5 22. cxd5 Rd8 23. Rxd2 Qxd2 24. Rxc5 Qxa2 25. Rc7 Qa1+ 26. Kh2 Qe5+ 27. Qg3 Qxg3+ 28. Kxg3 g6 29. Rc5 Kf8 30. Kf4 Ke7 31. Ra5 Rd7 32. Ke5 f6+ 33. Kd4 h5 34. Ra6 Rb7 35. Re6+ Kf7 36. Re2 Re7 37. Ra2 Rb7 38. Kc5 Ke7 39. Kc6 Rb6+ 40. Kc7 f5 41. Re2+ Kf6 42. d6 Rb4 43. d7 Rc4+ 44. Kd8 Kf7 45. Ra2 Rc1 46. Rxa7 1-0

[Event "3. Winter-Open 2024"]
[Site "Nuernberg"]
[Date "2024.02.09"]
[Round "1.8"]
[White "Waschner, Richard"]
[Black "Ulusoy, Tolga"]
[Result "0-1"]
[WhiteElo "1673"]
[BlackElo "1996"]
[PlyCount "66"]
[EventDate "2024.??.??"]
[WhiteTeam "Spvg Zabo-Eintracht Nürnberg e.V"]
[BlackTeam "SC Noris-Tarrasch Nürnberg 1873"]

{[%evp 0,66,22,34,27,18,68,75,60,51,51,13,22,15,-4,-6,49,-28,-38,-30,-59,-51,-32,-49,-28,-27,-24,-7,-15,-41,-37,-31,-37,-27,-37,-41,-36,-48,-47,-53,-57,-180,-189,-171,-190,-173,-198,-273,-283,-275,-316,-319,-286,-303,-309,-315,-286,-309,-336,-764,-827,-876,-940,-1304,-1463,-1502,-1749,-29995,-29996]} 1. d4 Nf6 2. Nc3 d6 3. e4 Nbd7 4. Be3 e5 5. d5 Be7 6. h3 c6 7. Nf3 Qa5 8. dxc6 bxc6 9. Bd3 Rb8 10. Qc1 O-O 11. O-O Nc5 12. Rd1 Nxd3 13. cxd3 c5 14. Bd2 Qc7 15. Qc2 Be6 16. b3 Nd7 17. Rab1 f5 18. Ng5 Bxg5 19. Bxg5 f4 20. a4 h6 21. Be7 Rf7 22. Nb5 Rxb5 23. Bxd6 Qxd6 24. axb5 f3 25. Ra1 fxg2 26. Kxg2 Qe7 27. Rh1 Qg5+ 28. Kf1 Qg3 29. Rxa7 Bxh3+ 30. Rxh3 Qxh3+ 31. Kg1 Rf6 32. Ra6 Nb6 33. f4 Rg6+ 0-1

[Event "3. Winter-Open 2024"]
[Site "Nuernberg"]
[Date "2024.02.09"]
[Round "1.9"]
[White "Kroneder, Christian"]
[Black "Nesmjanowitsch, Julia"]
[Result "1-0"]
[WhiteElo "1984"]
[BlackElo "1666"]
[PlyCount "51"]
[EventDate "2024.??.??"]
[WhiteTeam "SK Schwanstetten 79 e.V."]
[BlackTeam "SC JÄKLECHEMIE Talente Franken e"]

{[%evp 0,51,22,23,18,13,31,-25,-15,-47,-47,-39,-27,-34,-28,-29,-22,-41,-5,6,29,34,45,53,48,68,72,34,55,58,45,35,89,63,68,74,90,74,47,15,15,40,32,23,268,261,299,272,445,419,570,576,723,691]} 1. d4 d5 2. Bf4 Bf5 3. c4 e6 4. Qb3 Nc6 5. Nf3 Bb4+ 6. Nc3 Nf6 7. a3 dxc4 8. Qxc4 Bd6 9. Bg5 h6 10. Bxf6 gxf6 11. e4 Bh7 12. Rd1 Qe7 13. b4 O-O-O 14. Be2 Rhg8 15. O-O Rg7 16. Rfe1 Rdg8 17. Bf1 Bf4 18. b5 Na5 19. Qb4 Qxb4 20. axb4 Nb3 21. g3 Bg5 22. Bc4 Nxd4 23. Rxd4 e5 24. Rdd1 h5 25. Nd5 f5 26. Nxg5 1-0

[Event "3. Winter-Open 2024"]
[Site "Nuernberg"]
[Date "2024.02.09"]
[Round "1.10"]
[White "Fridlin, Daniel"]
[Black "Hollmann, Thomas"]
[Result "0-1"]
[WhiteElo "1663"]
[BlackElo "1977"]
[PlyCount "60"]
[EventDate "2024.??.??"]
[WhiteTeam "SC Noris-Tarrasch Nürnberg 1873"]
[BlackTeam "SG Büchenbach/Roth e.V."]

{[%evp 0,60,22,18,38,50,23,3,4,5,7,7,27,28,21,13,21,21,28,23,21,12,17,-68,-15,-32,-10,-54,-30,-47,-27,0,-25,-26,47,-1,50,0,2,2,6,-44,-25,-37,-47,-49,-49,-71,-71,-49,-35,-63,-62,-46,-52,-52,-57,-58,-47,-74,-164,-195,-191]} 1. e4 e6 2. d4 d5 3. Nd2 Nf6 4. e5 Nfd7 5. Bd3 c5 6. c3 Nc6 7. Ne2 cxd4 8. cxd4 f6 9. exf6 Nxf6 10. Nf3 Bd6 11. Ng3 O-O 12. O-O Qb6 13. Bc2 Bd7 14. Rb1 a5 15. a3 Rac8 16. Bg5 Be8 17. Re1 Nd8 18. Qd2 Rxc2 19. Qxc2 Bg6 20. Qd2 Bxb1 21. Rxb1 Bxa3 22. Bxf6 Rxf6 23. Nh5 Rf5 24. Ng3 Bb4 25. Qe3 Rf8 26. Ne5 Qd6 27. Rc1 Nc6 28. Nd3 Re8 29. Nxb4 Qxb4 30. b3 Qxd4 0-1

[Event "3. Winter-Open 2024"]
[Site "Nuernberg"]
[Date "2024.02.09"]
[Round "1.11"]
[White "Liemann, Michael"]
[Black "Koellner, Ulrich"]
[Result "1-0"]
[WhiteElo "1949"]
[BlackElo "1661"]
[PlyCount "27"]
[EventDate "2024.??.??"]
[WhiteTeam "SC Forchheim e.V."]
[BlackTeam "SV 1920 Hofheim"]

{[%evp 0,27,18,18,60,63,69,63,58,24,19,16,34,-16,2,-4,10,13,-1,24,33,29,72,76,72,85,740,743,29997,29998]} 1. e4 c6 2. d4 d5 3. exd5 cxd5 4. Bd3 Nc6 5. c3 Nf6 6. h3 e6 7. Nf3 Qc7 8. O-O h6 9. Re1 Bd6 10. Qe2 Nh5 11. Ne5 Nf6 12. Bf4 Nd7 13. Nxf7 Kxf7 14. Qxe6+ 1-0

[Event "3. Winter-Open 2024"]
[Site "Nuernberg"]
[Date "2024.02.09"]
[Round "1.12"]
[White "Kessler, Georg"]
[Black "Klampfer, Matjaz"]
[Result "1/2-1/2"]
[WhiteElo "1658"]
[BlackElo "1916"]
[PlyCount "46"]
[EventDate "2024.??.??"]
[WhiteTeam "SC Sulzbach-Rosenberg"]
[BlackTeam "SG Büchenbach/Roth e.V."]

{[%evp 0,46,18,18,27,-12,41,42,37,41,42,39,39,44,29,-1,11,0,54,31,14,10,22,19,19,19,19,-8,31,29,52,31,56,11,18,3,4,0,23,9,25,24,30,-31,21,17,21,29,31]} 1. Nf3 Nf6 2. c4 g6 3. d4 Bg7 4. Nc3 O-O 5. e4 d6 6. Be2 e5 7. Bg5 h6 8. Be3 Bg4 9. O-O Bxf3 10. Bxf3 exd4 11. Bxd4 Nc6 12. Be3 Re8 13. Qc2 Ne5 14. Be2 b6 15. Nd5 Ned7 16. Nxf6+ Nxf6 17. Bf3 Rb8 18. Rad1 Nd7 19. Rfe1 Ne5 20. Be2 Qh4 21. Bd4 Ng4 22. Bxg4 Qxg4 23. Bxg7 Kxg7 1/2-1/2

[Event "3. Winter-Open 2024"]
[Site "Nuernberg"]
[Date "2024.02.09"]
[Round "1.13"]
[White "Funk, Benno"]
[Black "Marczok, Robert"]
[Result "1-0"]
[WhiteElo "1912"]
[BlackElo "1651"]
[PlyCount "83"]
[EventDate "2024.??.??"]
[WhiteTeam "SGem 1882 Fürth"]
[BlackTeam "SC JÄKLECHEMIE Talente Franken e"]

{[%evp 0,60,18,18,41,-19,9,-62,24,-37,-28,-5,3,-52,-32,-54,21,9,35,3,2,6,11,9,27,19,8,6,-1,3,53,14,54,54,42,35,60,41,97,67,90,72,66,34,64,9,44,27,129,126,125,143,136,141,166,157,179,171,201,229,285,253,272]} 1. e4 e6 2. b3 d5 3. Bb2 Nf6 4. exd5 exd5 5. Nf3 Nc6 6. d4 Bg4 7. Bd3 Qd7 8. O-O Be7 9. a3 O-O 10. Nbd2 a6 11. Re1 Rae8 12. Nf1 Bd6 13. Ne3 Bh5 14. c4 Ne7 15. Be2 Bxf3 16. Bxf3 c6 17. Qc2 Bb8 18. Rad1 Ng6 19. g3 Re7 20. a4 Rfe8 21. Re2 Bd6 22. Red2 Ne4 23. Rd3 f5 24. cxd5 cxd5 25. Nxd5 Re6 26. Nb6 Qd8 27. Nc4 Kh8 28. Ne5 Bxe5 29. dxe5 Qa5 30. Rd5 Qb4 31. R5d4 Qa5 32. b4 Qxe5 33. Rxe4 fxe4 34. Bxe5 exf3 35. Bc3 Re2 36. Qf5 Rf8 37. Qd5 Rc2 38. Qd4 Rf7 39. h4 Nf8 40. Re1 h6 41. Re8 Kg8 42. Rxf8+ 1-0

[Event "3. Winter-Open 2024"]
[Site "Nuernberg"]
[Date "2024.02.09"]
[Round "1.14"]
[White "Blumenthal Tuset, Sebastian"]
[Black "Pilhöfer, Lukas"]
[Result "1/2-1/2"]
[WhiteElo "1640"]
[BlackElo "1900"]
[PlyCount "105"]
[EventDate "2024.??.??"]
[WhiteTeam "SC Noris-Tarrasch Nürnberg 1873"]
[BlackTeam "SC Sulzbach-Rosenberg"]

{[%evp 0,62,18,18,38,65,37,40,40,40,40,47,27,15,30,21,85,81,68,63,58,10,51,51,49,63,50,47,47,27,47,52,81,79,92,76,75,27,31,42,60,33,51,55,42,44,64,0,10,-109,-133,-134,-123,-157,-179,-171,-171,-163,-172,-168,-177,-167,-167,-167,-155]} 1. e4 c5 2. Nf3 e6 3. d4 cxd4 4. Nxd4 Nf6 5. Nc3 Bb4 6. f3 Nc6 7. Nxc6 dxc6 8. Qxd8+ Kxd8 9. Bd2 e5 10. Bc4 Be6 11. Bxe6 fxe6 12. O-O-O Ke7 13. a3 Ba5 14. b4 Bc7 15. Na4 b6 16. Bc3 g5 17. h3 h5 18. g4 Raf8 19. Nb2 Nd7 20. Rhf1 hxg4 21. hxg4 Rh3 22. Rd3 Nf6 23. Nc4 Nxg4 24. Rg1 Nf2 25. Re3 Rhxf3 26. Rxg5 Rxe3 27. Nxe3 Nxe4 28. Rg7+ Rf7 29. Rxf7+ Kxf7 30. Bb2 Kf6 31. Kd1 b5 32. Ke2 Ng5 33. Kd3 Ke7 34. Ng4 Nf7 35. c4 e4+ 36. Kd4 e5+ 37. Kc5 Bb6+ 38. Kxc6 bxc4 39. Kd5 e3 40. Kxc4 e2 41. Bc3 e4 42. Kd5 Ng5 43. a4 Nf3 44. Kxe4 e1=Q+ 45. Bxe1 Nxe1 46. Kd5 Nc2 47. a5 Nxb4+ 48. Kc4 Bxa5 49. Kb5 Bb6 50. Kxb4 Ke6 51. Nh2 Kf5 52. Nf1 Bf2 53. Kb5 1/2-1/2

[Event "3. Winter-Open 2024"]
[Site "Nuernberg"]
[Date "2024.02.09"]
[Round "1.15"]
[White "Vogiatzis, Dimitrios"]
[Black "Hahn, Thomas"]
[Result "1/2-1/2"]
[WhiteElo "1897"]
[BlackElo "1642"]
[PlyCount "52"]
[EventDate "2024.??.??"]
[WhiteTeam "SC Noris-Tarrasch Nürnberg 1873"]
[BlackTeam "Spvg Zabo-Eintracht Nürnberg e.V"]

{[%evp 0,52,18,25,61,-15,-15,-34,-30,-23,5,-70,-75,-59,28,28,44,9,36,-56,-33,-65,29,-62,-40,-44,-35,-55,-13,-12,9,25,22,23,22,22,22,12,19,-3,0,-16,-11,-10,-12,-14,-2,-7,-5,-3,-3,-8,-7,-9,0]} 1. d4 f5 2. e4 fxe4 3. Nc3 Nf6 4. Bg5 g6 5. Bxf6 exf6 6. Nxe4 Qe7 7. Qe2 Bg7 8. O-O-O O-O 9. Qf3 c6 10. h4 h5 11. Qd3 d5 12. Ng3 f5 13. f4 b6 14. Nf3 Ba6 15. Qd2 Bxf1 16. Rhxf1 Nd7 17. Rfe1 Qf6 18. c3 Rae8 19. Ng5 Bh6 20. Rxe8 Rxe8 21. Re1 Rxe1+ 22. Qxe1 Bxg5 23. hxg5 Qf7 24. Qe2 b5 25. Nf1 Kf8 26. Kd2 Qe7 1/2-1/2

[Event "3. Winter-Open 2024"]
[Site "Nuernberg"]
[Date "2024.02.09"]
[Round "1.16"]
[White "Blumenthal, Benjamin"]
[Black "Ayhan, Elian"]
[Result "1-0"]
[WhiteElo "1637"]
[BlackElo "1365"]
[PlyCount "115"]
[EventDate "2024.??.??"]
[WhiteTeam "SC Noris-Tarrasch Nürnberg 1873"]
[BlackTeam "BSG Wöhrlhaus Erlangen"]

{[%evp 0,58,25,-12,-5,1,35,46,35,42,32,29,57,23,39,10,10,14,49,8,14,13,55,0,0,-28,74,55,25,-12,-34,-39,-39,-36,-28,-8,-28,-3,-18,-6,4,25,38,5,-11,-12,-19,-15,-19,-18,-8,-11,0,-1,-4,12,17,14,2,2,12]} 1. c4 Nf6 2. d4 c6 3. Nc3 d5 4. e3 e6 5. Nf3 Nbd7 6. a3 Bd6 7. Be2 O-O 8. O-O Re8 9. b4 dxc4 10. Bxc4 e5 11. Qb3 Qe7 12. Ng5 Nd5 13. Bxd5 cxd5 14. e4 Nb6 15. Nxd5 Nxd5 16. exd5 exd4 17. Qd3 g6 18. Nf3 Qe4 19. Qxd4 Qxd4 20. Nxd4 Be5 21. Be3 Rd8 22. Rad1 Rxd5 23. Nf3 Rxd1 24. Rxd1 Bf6 25. Bd4 Bxd4 26. Rxd4 Be6 27. Ng5 Rc8 28. f3 Rc1+ 29. Kf2 Bc8 30. Ne4 b6 31. Rd8+ Kg7 32. Nd6 Be6 33. Ra8 Rc6 34. Ne8+ Kf8 35. Nc7+ Ke7 36. Nxe6 Kxe6 37. Rxa7 h5 38. Kg3 g5 39. h4 f6 40. Rb7 Kf5 41. b5 Rd6 42. hxg5 fxg5 43. a4 h4+ 44. Kf2 Kf6 45. Rc7 Re6 46. Rc6 Rxc6 47. bxc6 Ke6 48. Ke3 Kd6 49. Ke4 Kxc6 50. Kf5 Kc5 51. Kxg5 Kb4 52. f4 Kxa4 53. f5 b5 54. f6 b4 55. f7 b3 56. f8=Q b2 57. Qb8 Ka3 58. Kxh4 1-0

[Event "3. Winter-Open 2024"]
[Site "Nuernberg"]
[Date "2024.02.09"]
[Round "1.17"]
[White "Atturi, Sathwik Reddy"]
[Black "Denninger, David"]
[Result "0-1"]
[WhiteElo "1332"]
[BlackElo "1621"]
[PlyCount "98"]
[EventDate "2024.??.??"]
[WhiteTeam "Spvg Zabo-Eintracht Nürnberg e.V"]
[BlackTeam "SC JÄKLECHEMIE Talente Franken e"]

{[%evp 0,42,25,18,40,51,77,57,63,38,38,36,66,49,49,42,48,38,27,-4,-6,5,20,-53,-70,-166,-164,-199,-179,-260,-255,-317,-151,-151,-172,-153,-166,-168,-181,-174,-205,-175,-197,-193,-195]} 1. e4 c5 2. Nf3 d6 3. d4 cxd4 4. Nxd4 Nf6 5. Nc3 g6 6. Be3 Bg7 7. h3 a6 8. Bc4 b5 9. Bd5 Nxd5 10. Nxd5 Bb7 11. Qd3 Nd7 12. c4 Ne5 13. Qc3 Rc8 14. Qd2 Nxc4 15. Qe2 Bxd5 16. exd5 Qa5+ 17. Kf1 Nxe3+ 18. Qxe3 Bxd4 19. Qxd4 O-O 20. Kg1 Rc2 21. b4 Qc7 22. Kh2 Rc4 23. Qd2 Rc8 24. a3 Qd7 25. Rhf1 Qf5 26. Kg1 Qf6 27. Rfd1 Kg7 28. Qe3 Rc2 29. Qa7 Re2 30. Rf1 Rcc2 31. Rad1 Ra2 32. Rd3 Qb2 33. Rf3 Rxa3 34. Rxa3 Qxa3 35. Qd4+ Kg8 36. Rd1 Qb2 37. Qb6 Qxb4 38. Qxa6 Qc5 39. Qa8+ Kg7 40. Rf1 b4 41. Qa1+ Qc3 42. Qb1 b3 43. Rc1 Rc2 44. Rd1 b2 45. Kh2 Rc1 46. Rxc1 bxc1=Q 47. Qe4 Qe5+ 48. Qxe5+ dxe5 49. Kg3 Qf4# 0-1

[Event "3. Winter-Open 2024"]
[Site "Nuernberg"]
[Date "2024.02.09"]
[Round "1.18"]
[White "Nagl, Simon"]
[Black "Ratushnyi, Artur"]
[Result "0-1"]
[WhiteElo "1604"]
[BlackElo "1318"]
[PlyCount "86"]
[EventDate "2024.??.??"]
[WhiteTeam "SG Büchenbach/Roth e.V."]
[BlackTeam "SC Schwarz-Weiß Nürnberg Süd e.V"]

{[%evp 0,65,25,22,22,22,30,5,3,-5,-12,18,18,-6,5,5,1,2,-6,-13,7,16,91,74,68,78,113,106,106,55,43,52,44,35,27,35,34,-15,-15,-1,0,-58,-63,-77,-72,-379,-358,-407,-407,-407,-422,-502,-517,-526,-424,-437,-500,-509,-481,-510,-435,-445,-454,-497,-502,-510,-502,-553]} 1. e4 e5 2. Nf3 Nc6 3. Bc4 Bc5 4. c3 Nf6 5. d4 exd4 6. e5 d5 7. Bb5 Ne4 8. cxd4 Bb4+ 9. Nbd2 Bg4 10. Qa4 Qd7 11. Bxc6 Bxd2+ 12. Nxd2 Qxc6 13. Qxc6+ bxc6 14. Nxe4 dxe4 15. h3 Be6 16. Be3 Bd5 17. b3 Kd7 18. g4 h5 19. g5 g6 20. Rc1 a5 21. Rc2 Rhb8 22. Bd2 e3 23. Rf1 exd2+ 24. Kxd2 a4 25. f4 axb3 26. axb3 Bxb3 27. Rc3 Ra2+ 28. Ke3 Be6 29. Rfc1 Rb3 30. Rxb3 Bxb3 31. f5 gxf5 32. Kf4 Be6 33. Kg3 Rd2 34. Kh4 f4 35. Kxh5 Bxh3 36. Rh1 Be6 37. g6 fxg6+ 38. Kxg6 f3 39. Rh7+ Kc8 40. Kf6 Bd5 41. e6 Bxe6 42. Kxe6 Re2+ 43. Kf5 f2 0-1

[Event "3. Winter-Open 2024"]
[Site "Nuernberg"]
[Date "2024.02.09"]
[Round "1.19"]
[White "Bharathula, Agasthya"]
[Black "Huber, Andreas"]
[Result "0-1"]
[WhiteElo "1318"]
[BlackElo "1553"]
[PlyCount "76"]
[EventDate "2024.??.??"]
[WhiteTeam "SC Noris-Tarrasch Nürnberg 1873"]
[BlackTeam "SK Töging"]

{[%evp 0,76,25,22,22,6,6,5,46,19,18,9,14,26,26,14,16,16,10,31,43,20,18,12,64,21,21,23,86,19,44,-573,-557,-595,-566,-593,-613,-678,-606,-612,-593,-698,-704,-1036,-1033,-1040,-1046,-1059,-1068,-1083,-1082,-1117,-1153,-1126,-1163,-1173,-1194,-1194,-1191,-1290,-1308,-1308,-1335,-1429,-1491,-1588,-1575,-1613,-1689,-2104,-29980,-29991,-29992,-29993,-29994,-29997,-29998,-29999,-29999]} 1. e4 e5 2. Nc3 Nc6 3. Bc4 d6 4. d3 Nf6 5. Nge2 Na5 6. Bb3 Be7 7. O-O O-O 8. f4 Nxb3 9. axb3 c6 10. Be3 Ng4 11. Qd2 exf4 12. Nxf4 Nxe3 13. Qxe3 Bf6 14. h3 c5 15. Nfd5 Bd4 16. Rf3 Bxe3+ 17. Rxe3 Be6 18. Rg3 a6 19. Rf1 b5 20. Nf6+ Kh8 21. Nh5 Qh4 22. Rgf3 Qxh5 23. g4 Qe5 24. Kg2 d5 25. exd5 Bxd5 26. Nxd5 Qxd5 27. c4 Qd4 28. R1f2 f6 29. cxb5 axb5 30. Rf5 Ra2 31. g5 Rxb2 32. Kg3 Rxf2 33. Rxf2 Qxd3+ 34. Rf3 Qd6+ 35. Rf4 fxg5 36. Kg2 Qxf4 37. Kg1 Qg3+ 38. Kh1 Rf1# 0-1

[Event "3. Winter-Open 2024"]
[Site "Nuernberg"]
[Date "2024.02.09"]
[Round "1.20"]
[White "Heron, Steve"]
[Black "Bharathula, Akhila"]
[Result "1-0"]
[WhiteElo "1551"]
[BlackElo "1264"]
[PlyCount "51"]
[EventDate "2024.??.??"]
[BlackTeam "SC Noris-Tarrasch Nürnberg 1873"]

{[%evp 0,39,25,22,39,43,69,-3,90,73,69,69,82,53,85,95,100,104,108,104,104,78,294,293,319,325,325,284,364,304,406,327,403,390,453,441,483,355,346,357,685,619]} 1. e4 d5 2. exd5 Qxd5 3. d4 c6 4. c4 Qa5+ 5. Nc3 Nf6 6. Bd3 g6 7. Nf3 Bg7 8. O-O Be6 9. h3 Nbd7 10. Ng5 h6 11. Nxe6 fxe6 12. Bxg6+ Kd8 13. Qe2 e5 14. Re1 Ng8 15. d5 Qb6 16. dxc6 Qxc6 17. Be4 Qa6 18. Rd1 Ngf6 19. Be3 Nxe4 20. Nxe4 b6 21. Qg4 Qb7 22. Qxg7 Kc7 23. Qxe7 Qxe4 24. Rxd7+ Kb8 25. Qd6+ Kc8 26. Qc7# 1-0